Missing Word: Texas Movies Quiz Stats

Quiz Updated Aug 9, 2016

Challenge
Share
Tweet
Embed
Score 0/18 Timer 03:00
0 Plays Today
Movie Missing Word % Correct
Friday ___ LightsNight
98.8%
___ YellerOld
96.4%
The Texas ___ MassacreChainsaw
96%
No ___ for Old MenCountry
94.4%
Dazed and ___Confused
94.1%
Smokey and the ___Bandit
94%
The Lone ___Ranger
86.8%
The ___ YardLongest
84.1%
For a Few ___ MoreDollars
83.3%
Movie Missing Word % Correct
Varsity ___Blues
79.5%
The Last ___ ShowPicture
72.8%
Glory ___Road
48.9%
Tender ___Mercies
43.7%
Secondhand ___Lions
39.2%
___ in the HeartPlaces
37.7%
___ RiverRed
34.3%
___ ItWhip
24%
The Devil's ___Rejects
12.7%

Today's Daily Dose

You're not logged in!

Compare scores with friends on all Sporcle quizzes.
Join for Free
OR
Log In

You Might Also Like...

Show Comments

Extras

Top Quizzes Today


Score Distribution

Your Account Isn't Verified!

In order to create a playlist on Sporcle, you need to verify the email address you used during registration. Go to your Sporcle Settings to finish the process.

Report this User

Report this user for behavior that violates our Community Guidelines.

Details: